[Event "MP do lat 16 - dziewczeta"]
[Site "Sypniewo"]
[Date "2022.03.20"]
[Round "2.17"]
[White "Idzior, Izabela"]
[Black "Kicinska, Magdalena"]
[Result "0-1"]
[BlackElo "1436"]
[WhiteElo "1369"]
[LiveChessVersion "1.4.8"]

1. e4 {[%clk 1:30:58]} c6 {[%clk 1:30:54]} 2. d4 {[%clk 1:31:22]} d5
{[%clk 1:31:19]} 3. Nc3 {[%clk 1:31:48]} dxe4 {[%clk 1:31:41]} 4. Nxe4
{[%clk 1:32:07]} Bf5 {[%clk 1:32:02]} 5. Ng3 {[%clk 1:32:26]} Bg6
{[%clk 1:32:22]} 6. Nh3 {[%clk 1:32:40]} Nd7 {[%clk 1:32:03]} 7. c3
{[%clk 1:32:55]} e5 {[%clk 1:31:46]} 8. Bc4 {[%clk 1:33:02]} exd4
{[%clk 1:30:03]} 9. O-O {[%clk 1:26:49]} dxc3 {[%clk 1:25:18]} 10. Re1+
{[%clk 1:18:47]} Be7 {[%clk 1:23:39]} 11. Nf4 {[%clk 1:17:23]} Ngf6
{[%clk 1:19:57]} 12. Nxg6 {[%clk 1:15:50]} hxg6 {[%clk 1:20:16]} 13. Qe2
{[%clk 1:10:01]} Nb6 {[%clk 1:14:39]} 14. Bb3 {[%clk 1:09:14]} Nbd5
{[%clk 1:14:08]} 15. bxc3 {[%clk 1:02:37]} O-O {[%clk 1:04:09]} 16. c4
{[%clk 0:59:56]} Re8 {[%clk 1:03:55]} 17. Qf3 {[%clk 0:52:11]} Nc7
{[%clk 1:00:24]} 18. Bb2 {[%clk 0:40:45]} Ne6 {[%clk 0:59:05]} 19. Rad1
{[%clk 0:35:48]} Qb6 {[%clk 0:56:19]} 20. Ne4 {[%clk 0:30:49]} Nxe4
{[%clk 0:51:46]} 21. Rxe4 {[%clk 0:20:10]} Ng5 {[%clk 0:49:23]} 22. Qf4
{[%clk 0:11:48]} Qc5 {[%clk 0:21:37]} 23. Re5 {[%clk 0:05:32]} Ne6
{[%clk 0:19:07]} 24. Qe4 {[%clk 0:04:09]} Ng5 {[%clk 0:09:57]} 25. Qf4
{[%clk 0:04:22]} Ne6 {[%clk 0:08:57]} 26. Qg3 {[%clk 0:04:17]} Bd6
{[%clk 0:08:19]} 27. Rxc5 {[%clk 0:00:44]} Bxg3 {[%clk 0:08:42]} 28. Ra5
{[%clk 0:01:05]} Bc7 {[%clk 0:08:25]} 29. Ra3 {[%clk 0:01:13]} Bb6
{[%clk 0:07:34]} 30. Bc2 {[%clk 0:00:46]} Rad8 {[%clk 0:07:50]} 31. Rad3
{[%clk 0:00:38]} Rxd3 {[%clk 0:07:35]} 32. Bxd3 {[%clk 0:00:45]} Nf4
{[%clk 0:07:26]} 33. Bf1 {[%clk 0:00:39]} Ne2+ {[%clk 0:07:25]} 34. Kh1
{[%clk 0:00:35]} c5 {[%clk 0:05:57]} 35. h3 {[%clk 0:00:37]} Nd4 {[%clk 0:06:14]}
36. Bd3 {[%clk 0:00:42]} Bc7 {[%clk 0:05:07]} 37. Rb1 {[%clk 0:00:39]} b6
{[%clk 0:05:17]} 38. Rd1 {[%clk 0:00:40]} Rd8 {[%clk 0:05:17]} 39. Re1
{[%clk 0:00:43]} Ne6 {[%clk 0:05:27]} 40. Rd1 {[%clk 0:30:31]} Nf4
{[%clk 0:35:36]} 41. Bc2 {[%clk 0:30:30]} Rxd1+ {[%clk 0:35:44]} 42. Bxd1
{[%clk 0:30:55]} Nd3 {[%clk 0:36:07]} 0-1

[Event "MP do lat 16 - dziewczeta"]
[Site "Sypniewo"]
[Date "2022.03.20"]
[Round "2.18"]
[White "Romejko, Jagoda"]
[Black "Pastuszko, Katarzyna"]
[Result "0-1"]
[BlackElo "1422"]
[WhiteElo "1361"]
[LiveChessVersion "1.4.8"]

1. e4 {[%clk 1:30:57]} e5 {[%clk 1:30:32]} 2. Nf3 {[%clk 1:31:21]} Nc6
{[%clk 1:29:36]} 3. d4 {[%clk 1:31:44]} exd4 {[%clk 1:29:56]} 4. Nxd4
{[%clk 1:32:07]} Bc5 {[%clk 1:30:03]} 5. Be3 {[%clk 1:32:31]} Bb6
{[%clk 1:29:57]} 6. Nc3 {[%clk 1:31:11]} Nf6 {[%clk 1:29:30]} 7. Bc4
{[%clk 1:30:39]} Ne5 {[%clk 1:26:59]} 8. Be2 {[%clk 1:25:34]} d6 {[%clk 1:19:25]}
9. h3 {[%clk 1:20:20]} Bd7 {[%clk 1:15:39]} 10. Qd2 {[%clk 1:18:37]} Qe7
{[%clk 1:10:31]} 11. O-O {[%clk 1:08:55]} O-O-O {[%clk 1:05:16]} 12. Nd5
{[%clk 0:57:26]} Nxd5 {[%clk 1:02:10]} 13. exd5 {[%clk 0:56:53]} h6
{[%clk 0:58:31]} 14. b4 {[%clk 0:54:33]} Ba4 {[%clk 0:50:15]} 15. c4
{[%clk 0:50:26]} g5 {[%clk 0:35:40]} 16. Rfc1 {[%clk 0:45:44]} g4
{[%clk 0:15:34]} 17. Bxg4+ {[%clk 0:34:21]} Nxg4 {[%clk 0:14:14]} 18. hxg4
{[%clk 0:31:42]} Rdg8 {[%clk 0:10:22]} 19. c5 {[%clk 0:27:03]} Rxg4
{[%clk 0:06:24]} 20. cxb6 {[%clk 0:23:51]} axb6 {[%clk 0:05:46]} 21. Nf5
{[%clk 0:22:47]} Rxg2+ {[%clk 0:03:36]} 22. Kxg2 {[%clk 0:19:13]} Qe4+
{[%clk 0:03:57]} 23. f3 {[%clk 0:18:39]} Qxf5 {[%clk 0:04:16]} 24. Bxb6
{[%clk 0:13:41]} Rg8+ {[%clk 0:04:14]} 25. Kf2 {[%clk 0:14:01]} Qh3
{[%clk 0:03:26]} 26. Rxc7+ {[%clk 0:05:46]} Kb8 {[%clk 0:03:36]} 27. Qd4
{[%clk 0:01:38]} Qg2+ {[%clk 0:03:10]} 28. Ke3 {[%clk 0:01:36]} Re8+
{[%clk 0:03:20]} 29. Kd3 {[%clk 0:01:24]} Qxf3+ {[%clk 0:02:48]} 30. Kc4
{[%clk 0:00:32]} Re4 {[%clk 0:02:24]} 31. Rc1 {[%clk 0:00:35]} Rxd4+
{[%clk 0:01:47]} 32. Bxd4 {[%clk 0:00:36]} Kxc7 {[%clk 0:01:55]} 33. b5
{[%clk 0:00:47]} Kb8 {[%clk 0:01:48]} 34. Re1 {[%clk 0:00:36]} Qa3
{[%clk 0:01:21]} 35. Re8+ {[%clk 0:00:36]} Kc7 {[%clk 0:01:39]} 36. b6+
{[%clk 0:00:55]} Kd7 {[%clk 0:02:00]} 37. Rh8 {[%clk 0:01:15]} Qxa2+
{[%clk 0:02:11]} 38. Kd3 {[%clk 0:01:27]} Bd1 {[%clk 0:01:53]} 39. Bf6
{[%clk 0:01:32]} Qxd5+ {[%clk 0:02:01]} 40. Ke3 {[%clk 0:31:46]} Qf3+
{[%clk 0:32:02]} 0-1

[Event "MP do lat 16 - dziewczeta"]
[Site "Sypniewo"]
[Date "2022.03.20"]
[Round "2.19"]
[White "Pudelko, Magdalena"]
[Black "Wiecek, Karolina"]
[Result "1-0"]
[BlackElo "1227"]
[WhiteElo "1407"]
[LiveChessVersion "1.4.8"]

1. e4 {[%clk 1:30:59]} e5 {[%clk 1:30:53]} 2. Nf3 {[%clk 1:31:26]} Nf6
{[%clk 1:31:15]} 3. d4 {[%clk 1:31:52]} exd4 {[%clk 1:29:10]} 4. e5
{[%clk 1:32:17]} Nd5 {[%clk 1:28:35]} 5. Qxd4 {[%clk 1:21:01]} Nb6
{[%clk 1:24:21]} 6. c4 {[%clk 1:15:15]} Nc6 {[%clk 1:20:07]} 7. Qe4
{[%clk 1:10:10]} Be7 {[%clk 1:08:29]} 8. Nc3 {[%clk 1:07:27]} d6 {[%clk 1:04:59]}
9. exd6 {[%clk 1:05:34]} Qxd6 {[%clk 1:03:10]} 10. Nb5 {[%clk 1:03:45]} Qd8
{[%clk 1:00:57]} 11. Bf4 {[%clk 1:02:50]} O-O {[%clk 0:57:06]} 12. Bd3
{[%clk 0:45:07]} Bb4+ {[%clk 0:48:30]} 13. Kf1 {[%clk 0:45:23]} f5
{[%clk 0:41:37]} 14. Qe2 {[%clk 0:45:08]} Bd6 {[%clk 0:31:25]} 15. Bg5
{[%clk 0:33:45]} Qd7 {[%clk 0:30:24]} 16. Rd1 {[%clk 0:32:49]} Re8
{[%clk 0:26:18]} 17. Qc2 {[%clk 0:31:28]} Nb4 {[%clk 0:24:40]} 18. Qb3
{[%clk 0:30:27]} Kh8 {[%clk 0:23:54]} 19. Nxd6 {[%clk 0:26:11]} Qxd6
{[%clk 0:21:56]} 20. Bxf5 {[%clk 0:25:35]} Qc5 {[%clk 0:21:30]} 21. Bxc8
{[%clk 0:20:56]} Raxc8 {[%clk 0:21:30]} 22. Rc1 {[%clk 0:20:53]} Re4
{[%clk 0:15:52]} 23. Be3 {[%clk 0:19:18]} Qe7 {[%clk 0:14:27]} 24. a3
{[%clk 0:16:51]} Nc6 {[%clk 0:14:05]} 25. c5 {[%clk 0:15:33]} Na8
{[%clk 0:07:56]} 26. Ng5 {[%clk 0:15:33]} Rxe3 {[%clk 0:05:13]} 27. Qxe3
{[%clk 0:15:14]} Qf6 {[%clk 0:05:01]} 28. Qh3 {[%clk 0:13:15]} 1-0

[Event "MP do lat 16 - dziewczeta"]
[Site "Sypniewo"]
[Date "2022.03.20"]
[Round "2.20"]
[White "Lach, Alicja"]
[Black "Labedz, Gabriela"]
[Result "1-0"]
[BlackElo "1404"]
[WhiteElo "1327"]
[LiveChessVersion "1.4.8"]

1. e4 {[%clk 1:30:58]} c5 {[%clk 1:30:54]} 2. Nc3 {[%clk 1:31:24]} a6
{[%clk 1:30:42]} 3. g3 {[%clk 1:31:49]} b5 {[%clk 1:29:11]} 4. Bg2
{[%clk 1:32:11]} Bb7 {[%clk 1:27:32]} 5. d3 {[%clk 1:32:30]} Nc6 {[%clk 1:23:05]}
6. Nge2 {[%clk 1:27:29]} e6 {[%clk 1:17:00]} 7. O-O {[%clk 1:26:27]} Nge7
{[%clk 1:13:00]} 8. f4 {[%clk 1:23:20]} d5 {[%clk 1:08:48]} 9. f5
{[%clk 1:21:32]} d4 {[%clk 1:05:12]} 10. Nb1 {[%clk 1:20:18]} e5 {[%clk 1:00:41]}
11. f6 {[%clk 1:16:09]} gxf6 {[%clk 0:55:01]} 12. Rxf6 {[%clk 1:14:49]} Bg7
{[%clk 0:50:51]} 13. Rf2 {[%clk 1:13:23]} Ng6 {[%clk 0:45:53]} 14. g4
{[%clk 1:07:54]} Bc8 {[%clk 0:35:17]} 15. Ng3 {[%clk 1:07:15]} Nf4
{[%clk 0:28:22]} 16. h3 {[%clk 0:50:33]} Nxg2 {[%clk 0:16:17]} 17. Kxg2
{[%clk 0:49:24]} Bf6 {[%clk 0:12:36]} 18. Qf3 {[%clk 0:47:28]} Be7
{[%clk 0:10:12]} 19. Qxf7+ {[%clk 0:47:36]} Kd7 {[%clk 0:10:35]} 20. Qd5+
{[%clk 0:45:37]} Kc7 {[%clk 0:10:20]} 21. Qf7 {[%clk 0:31:39]} Kb6
{[%clk 0:08:27]} 22. Nf5 {[%clk 0:28:04]} Bxf5 {[%clk 0:07:08]} 23. exf5
{[%clk 0:23:58]} h5 {[%clk 0:04:42]} 24. f6 {[%clk 0:22:04]} Bd6 {[%clk 0:03:52]}
25. g5 {[%clk 0:21:10]} Ra7 {[%clk 0:03:41]} 26. Qd5 {[%clk 0:20:13]} Nb4
{[%clk 0:03:02]} 27. Qf3 {[%clk 0:20:07]} Qa8 {[%clk 0:01:32]} 28. Qxa8
{[%clk 0:20:15]} Raxa8 {[%clk 0:01:48]} 29. a3 {[%clk 0:20:31]} Nd5
{[%clk 0:02:01]} 30. h4 {[%clk 0:20:21]} c4 {[%clk 0:01:42]} 31. a4
{[%clk 0:16:45]} cxd3 {[%clk 0:01:16]} 32. cxd3 {[%clk 0:16:17]} Rac8
{[%clk 0:01:17]} 33. a5+ {[%clk 0:13:43]} Kb7 {[%clk 0:01:34]} 34. Na3
{[%clk 0:13:18]} Bxa3 {[%clk 0:00:55]} 35. bxa3 {[%clk 0:13:43]} Rc3
{[%clk 0:01:02]} 36. f7 {[%clk 0:09:18]} Rcc8 {[%clk 0:00:38]} 37. g6
{[%clk 0:09:24]} Ne3+ {[%clk 0:00:34]} 38. Kh3 {[%clk 0:07:59]} Ng4
{[%clk 0:00:52]} 39. Rf5 {[%clk 0:08:05]} Rc2 {[%clk 0:00:36]} 40. f8=Q
{[%clk 0:37:14]} 1-0

[Event "MP do lat 16 - dziewczeta"]
[Site "Sypniewo"]
[Date "2022.03.20"]
[Round "2.21"]
[White "Bialek, Alicja"]
[Black "Gac-Mytych, Sara"]
[Result "1-0"]
[BlackElo "1202"]
[WhiteElo "1383"]
[LiveChessVersion "1.4.8"]

1. e4 {[%clk 1:30:56]} c6 {[%clk 1:30:52]} 2. d4 {[%clk 1:30:47]} d5
{[%clk 1:31:18]} 3. Nd2 {[%clk 1:28:37]} dxe4 {[%clk 1:31:41]} 4. Nxe4
{[%clk 1:29:03]} Nd7 {[%clk 1:32:01]} 5. Nf3 {[%clk 1:27:20]} Ngf6
{[%clk 1:32:04]} 6. Ng3 {[%clk 1:25:12]} e6 {[%clk 1:32:14]} 7. Be2
{[%clk 1:06:22]} c5 {[%clk 1:27:00]} 8. O-O {[%clk 0:50:46]} cxd4
{[%clk 1:25:32]} 9. Nxd4 {[%clk 0:50:38]} Bc5 {[%clk 1:25:39]} 10. c4
{[%clk 0:42:39]} O-O {[%clk 1:18:22]} 11. a3 {[%clk 0:41:18]} a5 {[%clk 1:06:23]}
12. Rb1 {[%clk 0:39:53]} Ne5 {[%clk 0:50:19]} 13. Be3 {[%clk 0:35:26]} Be7
{[%clk 0:45:02]} 14. b4 {[%clk 0:26:52]} a4 {[%clk 0:26:53]} 15. h3
{[%clk 0:21:33]} Bd7 {[%clk 0:19:29]} 16. Qc2 {[%clk 0:16:38]} Qc8
{[%clk 0:13:11]} 17. Rfd1 {[%clk 0:10:11]} Nc6 {[%clk 0:08:29]} 18. Qc3
{[%clk 0:01:34]} e5 {[%clk 0:06:47]} 19. Nf3 {[%clk 0:01:16]} e4 {[%clk 0:05:14]}
20. Nd2 {[%clk 0:01:13]} Bf5 {[%clk 0:03:16]} 21. b5 {[%clk 0:01:08]} Nd8
{[%clk 0:02:06]} 22. Qe5 {[%clk 0:01:21]} Be6 {[%clk 0:01:38]} 23. c5
{[%clk 0:00:54]} Nd7 {[%clk 0:01:15]} 24. Qxe4 {[%clk 0:00:47]} Nxc5
{[%clk 0:01:11]} 25. Qc2 {[%clk 0:00:40]} b6 {[%clk 0:01:27]} 26. Nc4
{[%clk 0:00:52]} Bxc4 {[%clk 0:01:16]} 27. Bxc4 {[%clk 0:00:58]} Nde6
{[%clk 0:01:16]} 28. Bd5 {[%clk 0:00:50]} Ra7 {[%clk 0:01:11]} 29. Nf5
{[%clk 0:00:55]} g6 {[%clk 0:00:49]} 30. Nxe7+ {[%clk 0:00:59]} Rxe7
{[%clk 0:01:15]} 31. Rbc1 {[%clk 0:00:56]} Rc7 {[%clk 0:00:58]} 32. Qb2
{[%clk 0:00:59]} Nd7 {[%clk 0:00:54]} 33. Bh6 {[%clk 0:01:11]} Rxc1
{[%clk 0:00:39]} 34. Rxc1 {[%clk 0:01:40]} Qe8 {[%clk 0:00:37]} 35. Bxe6
{[%clk 0:02:06]} Qxe6 {[%clk 0:00:36]} 36. Qg7# {[%clk 0:02:31]} 1-0

[Event "MP do lat 16 - dziewczeta"]
[Site "Sypniewo"]
[Date "2022.03.20"]
[Round "2.23"]
[White "Staniewicz, Adrianna"]
[Black "Reszka, Barbara"]
[Result "1-0"]
[BlackElo "1156"]
[WhiteElo "1376"]
[LiveChessVersion "1.4.8"]

1. e4 {[%clk 1:30:57]} c5 {[%clk 1:30:49]} 2. Nf3 {[%clk 1:31:20]} e6
{[%clk 1:31:07]} 3. d4 {[%clk 1:31:42]} cxd4 {[%clk 1:31:26]} 4. Nxd4
{[%clk 1:32:07]} a6 {[%clk 1:31:41]} 5. Bd3 {[%clk 1:32:25]} Ne7 {[%clk 1:31:25]}
6. Nc3 {[%clk 1:31:56]} Nbc6 {[%clk 1:31:11]} 7. Nde2 {[%clk 1:30:22]} Ng6
{[%clk 1:30:42]} 8. a4 {[%clk 1:27:53]} Bc5 {[%clk 1:24:48]} 9. O-O
{[%clk 1:26:20]} d6 {[%clk 1:23:40]} 10. Kh1 {[%clk 1:25:29]} O-O
{[%clk 1:22:34]} 11. f4 {[%clk 1:23:57]} Bd7 {[%clk 1:13:36]} 12. Qe1
{[%clk 1:21:44]} Qc7 {[%clk 1:04:46]} 13. Qg3 {[%clk 1:19:28]} Nge7
{[%clk 0:44:30]} 14. f5 {[%clk 1:13:58]} Kh8 {[%clk 0:39:08]} 15. f6
{[%clk 1:03:24]} Ng6 {[%clk 0:28:36]} 16. Bg5 {[%clk 0:57:44]} Rfe8
{[%clk 0:19:08]} 17. fxg7+ {[%clk 0:55:39]} Kg8 {[%clk 0:18:26]} 18. Bf6
{[%clk 0:55:17]} Nce5 {[%clk 0:17:41]} 19. h4 {[%clk 0:53:13]} Bb6
{[%clk 0:14:38]} 20. h5 {[%clk 0:49:33]} Ne7 {[%clk 0:14:37]} 21. Qf4
{[%clk 0:46:52]} Qc5 {[%clk 0:12:43]} 22. Bxe5 {[%clk 0:46:12]} f5
{[%clk 0:11:07]} 23. Bxd6 {[%clk 0:43:23]} Qc6 {[%clk 0:11:07]} 24. Bxe7
{[%clk 0:43:19]} Rxe7 {[%clk 0:11:33]} 25. h6 {[%clk 0:42:18]} Bc7
{[%clk 0:11:22]} 26. Qh4 {[%clk 0:38:11]} Rf7 {[%clk 0:09:20]} 27. exf5
{[%clk 0:36:43]} exf5 {[%clk 0:09:43]} 28. Bc4 {[%clk 0:35:51]} Be6
{[%clk 0:09:25]} 29. Bxe6 {[%clk 0:35:15]} Qxe6 {[%clk 0:09:52]} 30. Nd4
{[%clk 0:34:16]} Qg6 {[%clk 0:08:14]} 31. Nf3 {[%clk 0:27:34]} Bg3
{[%clk 0:07:46]} 32. Qg5 {[%clk 0:27:02]} Qd6 {[%clk 0:07:42]} 33. Rad1
{[%clk 0:26:00]} Qc7 {[%clk 0:07:55]} 34. Nd5 {[%clk 0:25:09]} Qd6
{[%clk 0:07:25]} 35. Ne3 {[%clk 0:20:42]} Qf4 {[%clk 0:06:35]} 36. Rd8+
{[%clk 0:20:12]} Rxd8 {[%clk 0:06:49]} 37. Qxd8+ {[%clk 0:20:34]} Rf8
{[%clk 0:07:13]} 38. Qxf8# {[%clk 0:20:59]} 1-0

[Event "MP do lat 16 - dziewczeta"]
[Site "Sypniewo"]
[Date "2022.03.20"]
[Round "2.24"]
[White "Jureczko, Anna"]
[Black "Grzesik, Nikola"]
[Result "0-1"]
[BlackElo "1374"]
[WhiteElo "1200"]
[LiveChessVersion "1.4.8"]

1. e4 {[%clk 1:30:58]} c5 {[%clk 1:30:56]} 2. c3 {[%clk 1:31:24]} d5
{[%clk 1:31:23]} 3. exd5 {[%clk 1:31:44]} Qxd5 {[%clk 1:31:48]} 4. d4
{[%clk 1:32:10]} Nf6 {[%clk 1:32:07]} 5. Be3 {[%clk 1:30:22]} cxd4
{[%clk 1:32:30]} 6. Qxd4 {[%clk 1:29:35]} Qa5 {[%clk 1:28:46]} 7. Qc5
{[%clk 1:24:47]} Qd8 {[%clk 1:27:08]} 8. Bb5+ {[%clk 1:21:24]} Bd7
{[%clk 1:27:03]} 9. Bxd7+ {[%clk 1:20:56]} Qxd7 {[%clk 1:26:32]} 10. Qd4
{[%clk 1:20:54]} Nc6 {[%clk 1:23:47]} 11. Qxd7+ {[%clk 1:20:48]} Nxd7
{[%clk 1:24:07]} 12. Nf3 {[%clk 1:20:13]} g6 {[%clk 1:23:35]} 13. Na3
{[%clk 1:19:25]} Bg7 {[%clk 1:22:35]} 14. Rd1 {[%clk 1:18:22]} Nf6
{[%clk 1:20:17]} 15. Nb5 {[%clk 1:13:30]} O-O {[%clk 1:20:06]} 16. O-O
{[%clk 1:13:10]} b6 {[%clk 1:13:59]} 17. Rfe1 {[%clk 1:09:15]} Rfd8
{[%clk 0:55:48]} 18. h3 {[%clk 1:05:31]} Rd7 {[%clk 0:49:38]} 19. Rxd7
{[%clk 1:04:37]} Nxd7 {[%clk 0:49:57]} 20. Rd1 {[%clk 1:03:13]} Nf8
{[%clk 0:44:07]} 21. Rd2 {[%clk 1:01:27]} Na5 {[%clk 0:39:24]} 22. Na3
{[%clk 1:01:14]} Rc8 {[%clk 0:38:21]} 23. Bg5 {[%clk 0:59:34]} f6
{[%clk 0:37:10]} 24. Be3 {[%clk 0:58:51]} f5 {[%clk 0:35:43]} 25. Bd4
{[%clk 0:58:20]} Bxd4 {[%clk 0:30:38]} 26. Rxd4 Kg7 {[%clk 0:29:47]} 27. Rd7
{[%clk 0:58:18]} Nxd7 {[%clk 0:30:08]} 0-1

[Event "MP do lat 16 - dziewczeta"]
[Site "Sypniewo"]
[Date "2022.03.21"]
[Round "3.1"]
[White "Zabrzanska, Weronika"]
[Black "Tokarz, Izabela"]
[Result "1-0"]
[BlackElo "1796"]
[WhiteElo "1942"]
[LiveChessVersion "1.4.8"]

1. e4 {[%clk 1:30:30]} c5 {[%clk 1:30:56]} 2. c3 {[%clk 1:31:20]} Nf6
{[%clk 1:31:21]} 3. e5 {[%clk 1:31:02]} Nd5 {[%clk 1:31:47]} 4. Bc4
{[%clk 1:31:15]} Nb6 {[%clk 1:31:38]} 5. Bb3 {[%clk 1:31:41]} d6 {[%clk 1:28:24]}
6. exd6 {[%clk 1:29:53]} Qxd6 {[%clk 1:28:34]} 7. Na3 {[%clk 1:28:03]} Bd7
{[%clk 1:18:39]} 8. Nf3 {[%clk 1:23:18]} e6 {[%clk 1:08:34]} 9. O-O
{[%clk 1:19:42]} Qc7 {[%clk 1:03:04]} 10. d4 {[%clk 1:18:51]} c4 {[%clk 0:55:35]}
11. Bc2 {[%clk 1:19:01]} Nd5 {[%clk 0:55:44]} 12. Nb1 {[%clk 1:17:21]} Bd6
{[%clk 0:50:45]} 13. a4 {[%clk 1:14:21]} Nc6 {[%clk 0:37:00]} 14. Nbd2
{[%clk 1:11:17]} Nce7 {[%clk 0:30:08]} 15. Re1 {[%clk 1:10:13]} Ng6
{[%clk 0:27:16]} 16. Qe2 {[%clk 1:05:36]} Rc8 {[%clk 0:25:31]} 17. Qxc4
{[%clk 0:55:29]} Qa5 {[%clk 0:20:09]} 18. Nb3 {[%clk 0:50:25]} Rxc4
{[%clk 0:18:27]} 19. Nxa5 {[%clk 0:50:44]} Rc7 {[%clk 0:18:47]} 20. Bb3
{[%clk 0:47:01]} O-O {[%clk 0:16:37]} 21. Nc4 {[%clk 0:47:04]} Bf4
{[%clk 0:15:36]} 22. Nce5 {[%clk 0:46:04]} Nxe5 {[%clk 0:12:59]} 23. Nxe5
{[%clk 0:45:26]} Bxe5 {[%clk 0:13:12]} 24. Rxe5 {[%clk 0:42:51]} Bc6
{[%clk 0:13:24]} 25. Bd2 {[%clk 0:41:55]} Rd7 {[%clk 0:11:36]} 26. a5
{[%clk 0:41:38]} Nf6 {[%clk 0:09:40]} 27. f3 {[%clk 0:39:06]} a6 {[%clk 0:08:04]}
28. Ba4 {[%clk 0:34:48]} Bxa4 {[%clk 0:05:54]} 29. Rxa4 {[%clk 0:35:16]} Nd5
{[%clk 0:06:19]} 30. c4 {[%clk 0:34:11]} Ne7 {[%clk 0:02:21]} 31. Bb4
{[%clk 0:32:57]} Nc6 {[%clk 0:02:17]} 32. Bxf8 {[%clk 0:31:48]} Nxe5
{[%clk 0:02:44]} 33. Bxg7 {[%clk 0:27:06]} Nxc4 {[%clk 0:02:30]} 34. Rxc4
{[%clk 0:26:48]} Kxg7 {[%clk 0:02:56]} 35. Kf2 {[%clk 0:26:34]} e5
{[%clk 0:01:34]} 36. Ke3 {[%clk 0:26:37]} exd4+ {[%clk 0:01:52]} 37. Rxd4
{[%clk 0:26:55]} Rc7 {[%clk 0:01:05]} 38. b4 {[%clk 0:24:57]} Rc2
{[%clk 0:01:18]} 39. Rd2 {[%clk 0:25:19]} Rc4 {[%clk 0:01:30]} 40. Rb2
{[%clk 0:55:39]} Rc6 {[%clk 0:31:38]} 41. Kd4 {[%clk 0:55:33]} b6
{[%clk 0:31:43]} 42. axb6 {[%clk 0:54:44]} Rxb6 {[%clk 0:32:10]} 43. Kc5
{[%clk 0:55:09]} Rb5+ {[%clk 0:32:02]} 44. Kc4 {[%clk 0:55:20]} Rh5
{[%clk 0:32:22]} 45. h3 {[%clk 0:55:34]} Rb5 {[%clk 0:32:40]} 46. Ra2
{[%clk 0:55:51]} Rb6 {[%clk 0:33:02]} 47. Ra5 {[%clk 0:55:26]} Rc6+
{[%clk 0:33:04]} 48. Rc5 {[%clk 0:55:41]} Rg6 {[%clk 0:33:30]} 49. g4
{[%clk 0:55:35]} Rf6 {[%clk 0:33:43]} 50. Rf5 {[%clk 0:55:01]} Rh6
{[%clk 0:33:43]} 51. Rg5+ {[%clk 0:53:10]} Kf8 {[%clk 0:33:52]} 52. Rh5
{[%clk 0:53:23]} Rc6+ {[%clk 0:33:57]} 53. Kb3 {[%clk 0:52:37]} Kg7
{[%clk 0:33:34]} 54. h4 {[%clk 0:52:37]} h6 {[%clk 0:33:25]} 55. Ka4
{[%clk 0:52:48]} Rc3 {[%clk 0:32:20]} 56. Rf5 {[%clk 0:52:51]} Rc6
{[%clk 0:32:29]} 57. Ka5 {[%clk 0:52:56]} Rd6 {[%clk 0:32:41]} 58. g5
{[%clk 0:52:43]} hxg5 {[%clk 0:33:04]} 59. hxg5 {[%clk 0:53:09]} Rd4
{[%clk 0:32:59]} 60. Rf6 {[%clk 0:50:10]} Rd5+ {[%clk 0:33:22]} 61. Kxa6
{[%clk 0:49:27]} Rxg5 {[%clk 0:33:41]} 62. Rf4 {[%clk 0:48:40]} Rd5
{[%clk 0:33:31]} 63. b5 {[%clk 0:48:19]} Rd1 {[%clk 0:33:50]} 64. b6
{[%clk 0:47:12]} 1-0

[Event "MP do lat 16 - dziewczeta"]
[Site "Sypniewo"]
[Date "2022.03.21"]
[Round "3.2"]
[White "Bukala, Weronika"]
[Black "Starosta, Martyna"]
[Result "1-0"]
[BlackElo "1894"]
[WhiteElo "1801"]
[LiveChessVersion "1.4.8"]

1. e4 {[%clk 1:30:21]} e6 {[%clk 1:30:35]} 2. d4 {[%clk 1:30:45]} d5
{[%clk 1:31:00]} 3. Nd2 {[%clk 1:30:09]} Be7 {[%clk 1:31:00]} 4. Ngf3
{[%clk 1:29:24]} Nf6 {[%clk 1:29:56]} 5. e5 {[%clk 1:29:11]} Nfd7
{[%clk 1:30:07]} 6. Bd3 {[%clk 1:29:14]} c5 {[%clk 1:30:10]} 7. c3
{[%clk 1:29:32]} Nc6 {[%clk 1:30:30]} 8. O-O {[%clk 1:29:45]} h5 {[%clk 1:30:37]}
9. Re1 {[%clk 1:19:20]} cxd4 {[%clk 1:27:47]} 10. Nxd4 {[%clk 1:09:01]} Ndxe5
{[%clk 1:19:43]} 11. Be2 {[%clk 0:57:23]} Bd6 {[%clk 1:08:51]} 12. f4
{[%clk 0:35:11]} Nxd4 {[%clk 1:05:17]} 13. cxd4 {[%clk 0:34:45]} Nc6
{[%clk 1:04:16]} 14. Nf3 {[%clk 0:31:21]} Kf8 {[%clk 0:59:18]} 15. b3
{[%clk 0:27:15]} Kg8 {[%clk 0:51:16]} 16. Ne5 {[%clk 0:22:13]} Bxe5
{[%clk 0:48:30]} 17. fxe5 {[%clk 0:22:11]} Qb6 {[%clk 0:44:29]} 18. Be3
{[%clk 0:22:18]} Nxe5 {[%clk 0:41:38]} 19. Bxh5 {[%clk 0:22:26]} Nd7
{[%clk 0:39:59]} 20. Bf3 {[%clk 0:13:35]} Nf8 {[%clk 0:36:58]} 21. Rc1
{[%clk 0:13:28]} Bd7 {[%clk 0:36:38]} 22. Bf4 {[%clk 0:13:19]} Ng6
{[%clk 0:35:16]} 23. Bc7 {[%clk 0:13:07]} Qb4 {[%clk 0:34:58]} 24. Re3
{[%clk 0:08:55]} Rh4 {[%clk 0:31:19]} 25. Bg4 {[%clk 0:07:15]} f5
{[%clk 0:21:18]} 26. Bh5 {[%clk 0:04:50]} Rxd4 {[%clk 0:17:24]} 27. Qf3
{[%clk 0:03:34]} Nh4 {[%clk 0:16:44]} 28. Qf1 {[%clk 0:01:53]} Rd2
{[%clk 0:13:19]} 29. Rg3 {[%clk 0:00:52]} Qd4+ {[%clk 0:11:19]} 30. Kh1
{[%clk 0:01:20]} Rc8 {[%clk 0:08:02]} 31. Qe1 {[%clk 0:00:59]} Qb2
{[%clk 0:02:13]} 32. Rxg7+ {[%clk 0:00:47]} Qxg7 {[%clk 0:02:16]} 33. Qxd2
{[%clk 0:01:12]} f4 34. Bf3 {[%clk 0:01:06]} Be8 {[%clk 0:01:05]} 35. Qxf4
{[%clk 0:00:49]} Ng6 {[%clk 0:01:29]} 36. Qd6 {[%clk 0:01:01]} Qe5
{[%clk 0:01:02]} 37. Qc5 {[%clk 0:00:44]} Qg5 {[%clk 0:00:52]} 38. Rc2
{[%clk 0:00:45]} Qf5 {[%clk 0:00:45]} 39. h3 {[%clk 0:00:49]} b6 {[%clk 0:00:37]}
40. Qc3 {[%clk 0:30:44]} d4 {[%clk 0:30:51]} 41. Qe1 {[%clk 0:19:31]} Bf7
{[%clk 0:26:22]} 42. Be4 {[%clk 0:18:22]} Qh5 {[%clk 0:25:40]} 43. Qf2
{[%clk 0:13:24]} e5 {[%clk 0:20:27]} 44. Qg3 {[%clk 0:08:21]} Qh4
{[%clk 0:13:12]} 45. Bxe5 {[%clk 0:05:41]} Rxc2 {[%clk 0:11:26]} 46. Bxc2
{[%clk 0:05:59]} Qxg3 {[%clk 0:10:55]} 47. Bxg3 {[%clk 0:06:28]} Ne7
{[%clk 0:10:55]} 48. Bf2 {[%clk 0:05:25]} Nc6 {[%clk 0:10:30]} 49. Be4
{[%clk 0:05:11]} Nb4 {[%clk 0:10:14]} 50. a3 {[%clk 0:04:06]} Na2
{[%clk 0:09:55]} 51. b4 {[%clk 0:02:33]} Nc3 {[%clk 0:08:51]} 52. Bd3
{[%clk 0:02:54]} Nd5 {[%clk 0:08:42]} 53. Bxd4 {[%clk 0:02:57]} Nf4
{[%clk 0:08:57]} 54. Be4 {[%clk 0:02:44]} Ne2 {[%clk 0:09:11]} 55. Be5
{[%clk 0:02:46]} Bc4 {[%clk 0:09:02]} 56. Bf3 {[%clk 0:02:12]} Nc1
{[%clk 0:09:24]} 57. Bc3 {[%clk 0:01:18]} Nd3 {[%clk 0:09:17]} 58. Kh2
{[%clk 0:01:09]} Kf7 {[%clk 0:09:14]} 59. Be2 {[%clk 0:01:18]} Kg6
{[%clk 0:09:19]} 60. g4 {[%clk 0:01:09]} Ne5 {[%clk 0:09:27]} 61. Bxe5
{[%clk 0:01:12]} Bxe2 {[%clk 0:09:55]} 62. Bd4 {[%clk 0:01:32]} Kf7
{[%clk 0:09:29]} 63. Kg3 {[%clk 0:01:52]} Ke6 {[%clk 0:09:52]} 64. Kf4
{[%clk 0:01:38]} Kd5 {[%clk 0:10:10]} 65. Be3 {[%clk 0:00:56]} Kc4
{[%clk 0:10:24]} 66. h4 {[%clk 0:01:13]} Kb3 {[%clk 0:10:30]} 67. g5
{[%clk 0:01:06]} Kxa3 {[%clk 0:10:34]} 68. Bd2 {[%clk 0:01:27]} Kb3
{[%clk 0:10:50]} 69. g6 {[%clk 0:01:38]} Kc2 {[%clk 0:11:15]} 70. Be1
{[%clk 0:01:03]} Kd1 {[%clk 0:11:40]} 71. Bf2 {[%clk 0:01:15]} a5
{[%clk 0:11:56]} 72. bxa5 {[%clk 0:01:02]} bxa5 {[%clk 0:12:22]} 73. Kg5
{[%clk 0:01:21]} 1-0